00190nam a22000857a 4500040000900000082001700009100001800026245004300044300001700087 cnust a628.212bGUO aJames C.Y Guo aUrban Drainage and storage Practices . a416,p;c25cm